Urban sketching : (Registro nro. 5052)
[ vista simple ]
| 000 -LEADER | |
|---|---|
| fixed length control field | 01383nam a22002657a 4500 |
| 003 - CONTROL NUMBER IDENTIFIER | |
| control field | PE SENCICO BE |
| 005 - DATE AND TIME OF LATEST TRANSACTION | |
| control field | 20251020182710.0 |
| 008 - FIXED-LENGTH DATA ELEMENTS--GENERAL INFORMATION | |
| fixed length control field | 250113b |||||||| |||| 00| 0 eng d |
| 020 ## - INTERNATIONAL STANDARD BOOK NUMBER | |
| International Standard Book Number | 978-84-252-2729-5 |
| 040 ## - CATALOGING SOURCE | |
| Original cataloging agency | PE SENCICO BE |
| Transcribing agency | PE SENCICO BE |
| 041 ## - LANGUAGE CODE | |
| Language code of text/sound track or separate title | spa |
| 082 ## - DEWEY DECIMAL CLASSIFICATION NUMBER | |
| Classification number | 712.3 |
| Item number | T48 |
| 100 1# - MAIN ENTRY--PERSONAL NAME | |
| 9 (RLIN) | 2812 |
| Personal name | Thorspecken, Thomas |
| Relator term | autor |
| 245 1# - TITLE STATEMENT | |
| Title | Urban sketching : |
| Remainder of title | guía completa de técnicas de dibujo urbano / |
| Statement of responsibility, etc. | Thomas Thorspecken |
| 250 ## - EDITION STATEMENT | |
| Edition statement | 1a ed. |
| 260 ## - PUBLICATION, DISTRIBUTION, ETC. | |
| Place of publication, distribution, etc. | Barcelona : |
| Name of publisher, distributor, etc. | Gustavo Gili ; |
| Date of publication, distribution, etc. | 2016 |
| 300 ## - PHYSICAL DESCRIPTION | |
| Extent | 128 p. : |
| Other physical details | il. col. ; |
| Dimensions | 28 cm. |
| 505 0# - FORMATTED CONTENTS NOTE | |
| Formatted contents note | Herramientas y técnicas -- Hacerse urbano -- Habitar tu mundo -- Escoger un tema |
| 520 3# - SUMMARY, ETC. | |
| Summary, etc. | Aborda desde algunos principios básicos del dibujo hasta cuestiones específicas de la crónica urbana ilustrada, analiza las técnicas y recursos expresivos de numerosos ilustradores, diseñadores y artistas gráficos y proporciona infinidad de trucos y consejos para adentrarse en el universo del dibujo urbano. Los urban sketchers son unos auténticos reporteros visuales que combinan una gran capacidad de observación, la habilidad para dar con el detalle adecuado y su diestro manejo de los materiales y técnicas del dibujo. |
| 650 10 - SUBJECT ADDED ENTRY--TOPICAL TERM | |
| 9 (RLIN) | 2813 |
| Topical term or geographic name entry element | Diseño de paisajes |
| 650 20 - SUBJECT ADDED ENTRY--TOPICAL TERM | |
| 9 (RLIN) | 827 |
| Topical term or geographic name entry element | Técnicas de dibujo |
| 650 20 - SUBJECT ADDED ENTRY--TOPICAL TERM | |
| 9 (RLIN) | 762 |
| Topical term or geographic name entry element | Diseño urbano |
| 910 ## - USER-OPTION DATA (OCLC) | |
| User-option data | hfp |
| -- | hfp |
| -- | hfp |
| 942 ## - ADDED ENTRY ELEMENTS (KOHA) | |
| Source of classification or shelving scheme | Dewey Decimal Classification |
| Koha item type | Libros |
| Fecha de la última vez que lo usaron | Pago total | Signatura topográfica completa | Código de barras | Precio efectivo desde | Tipo de documento | Estado perdido | Sistema de clasificación | Estado dañado | No es para préstamo | Retirado | Ubicación permanente | Ubicación actual | Fecha de adquisición | Fuente de adquisición |
|---|---|---|---|---|---|---|---|---|---|---|---|---|---|---|
| 13/01/2025 | 712.3/T48 | BibLima25010019 | 13/01/2025 | Libros | Dewey Decimal Classification | Biblioteca Central Lima | Biblioteca Central Lima | 18/11/2024 | Comprado de la librería Megabook |